States of Brazil by Borders - Statistics

General Stats
  • This quiz has been taken 98 times
  • The average score is 25 of 27
Answers on the Map
Answers color-coded by a green-red scale on the quiz's map according to % correct below.
 
Answer Stats
State % Correct
Rio de Janeiro
98%
São Paulo
98%
Espírito Santo
97%
Minas Gerais
97%
Amazonas
95%
Rondônia
95%
Acre
94%
Mato Grosso
94%
Mato Grosso do Sul
94%
Pará
94%
Pernambuco
92%
Piauí
92%
Alagoas
90%
Ceará
90%
Goiás
90%
Paraíba
90%
Paraná
90%
Bahia
89%
Roraima
89%
Santa Catarina
89%
Tocantins
89%
Rio Grande do Sul
87%
Distrito Federal
85%
Maranhão
85%
Sergipe
85%
Amapá
84%
Rio Grande do Norte
84%
No matching quizzes found
Score Distribution
Percent of People with Each Score
Percentile by Number Answered
Your Score History
You have not taken this quiz